A GAME OF THRONE (Record no. 7030)
[ view plain ]
| 000 -LEADER | |
|---|---|
| fixed length control field | 01170nam a22001337a 4500 |
| 020 ## - INTERNATIONAL STANDARD BOOK NUMBER | |
| ISBN | 978-0-00-744803-6 |
| 082 ## - DEWEY DECIMAL CLASSIFICATION NUMBER | |
| Classification number | 823 |
| Item number | MAR/G |
| 245 ## - TITLE STATEMENT | |
| Title | A GAME OF THRONE |
| 260 ## - PUBLICATION, DISTRIBUTION, ETC. (IMPRINT) | |
| Place of publication | IRELAND |
| Name of publisher | HARPER COLLINS |
| 300 ## - PHYSICAL DESCRIPTION | |
| Number of Pages | 801 |
| 520 ## - SUMMARY, ETC. | |
| Summary, etc | A Game of Thrones takes place over the course of one year on or near the fictional continent of Westeros. The story begins when King Robert visits the northern castle Winterfell to ask Ned Stark to be his right-hand assistant, or Hand of the King. The previous Hand, Jon Arryn, died under suspicious circumstances. Robert comes with his queen, Cersei Lannister, and his retinue, which includes a number of Lannisters. Just after the royal party arrives, Ned’s wife, Catelyn, receives a message claiming that the Lannister family was responsible for the death of the former Hand. She tells Ned, who accepts the position as Hand in order to protect Robert from the Lannisters. Ned’s son Bran then discovers Cersei Lannister and her brother Jaime Lannister having sex, and Jaime pushes Bran from a window to silence him. Everyone thinks Bran simply fell while climbing around the castle. |
| 650 ## - SUBJECT ADDED ENTRY--TOPICAL TERM | |
| Topical Term | ENGLISH NOVEL |
| Geographic subdivision | IRELAND |
| 942 ## - ADDED ENTRY ELEMENTS (KOHA) | |
| Koha item type | Books |
| Withdrawn status | Lost status | Collection code | Home library | Current library | Shelving location | Date acquired | Source of acquisition | Full call number | Accession Number | Koha item type |
|---|---|---|---|---|---|---|---|---|---|---|
| Fiction | Main Library | Main Library | NEW SHELF WITH NEW ENTRY | 26/10/2023 | PURCHASE | 823 MAR/G | 13221 | Books |